Pays communistes - mort subite - Statistiques

Statistiques générales
  • Ce quiz a été pris 561 fois
    307 depuis la dernière actualisation
  • Le résultat moyen est 7 sur 16
Answers on the Grid
Answers color-coded by a green-red scale on the quiz's grid according to % correct below.
Russie
Somalie
Mali
Albanie
Danemark
Bulgarie
Mexique
Cuba
Philippines
France
Éthiopie
Malaisie
Chypre
Grenade
Mozambique
Togo
Grèce
Chine
Népal
Angola
Serbie
Roumanie
Suède
Corée du Sud
Afghanistan
Kenya
Hongrie
Vietnam
Italie
Congo
 
Statistiques - réponses
Réponse % Correct
Cuba
80%
Russie
78%
Chine
77%
Vietnam
70%
Roumanie
55%
Hongrie
47%
Albanie
46%
Bulgarie
46%
Afghanistan
38%
Serbie
38%
Angola
37%
Mozambique
25%
Éthiopie
23%
Congo
22%
Somalie
20%
Grenade
17%
Aucun quiz correspondant
Distribution des résultats
% des personnes avec chaque résultat
Percentile par nombre de réponses
Votre historique - résultats
Vous n’avez pas pris ce quiz depuis la dernière actualisation